| 000 | 00642nam a2200205Ia 4500 | ||
|---|---|---|---|
| 003 | GCL | ||
| 008 | 140319s9999 xx 000 0 ara d | ||
| 040 |
_aGCL / _cGCL |
||
| 082 | 0 | 4 |
_aد _b050 _bاا |
| 100 | 1 | _aالشيخ ابراهيم اليازجى | |
| 245 | 1 | 0 |
_aالضياء :مجلة علمية ادبية صحية صناعية / _cالشيخ ابراهيم اليازجى |
| 260 |
_a[S.N] : _bالشيخ ابراهيم اليازجى |
||
| 490 |
_aمكتبة الافكار _v0 |
||
| 650 | 0 | 4 | _aالطب |
| 650 | 0 | 4 | _aالادب |
| 650 | 0 | 4 | _aالعلوم |
| 650 | 0 | 4 | _aالصناعة |
| 650 | 0 | 4 | _aالصحة |
| 942 |
_2ddc _cCF |
||
| 999 |
_c27064 _d27064 |
||